[Event "24th Panam-ch"]
[Site "Natal BRA"]
[Date "2014.10.26"]
[Round "11"]
[White "Alarcon Bahamondes, Roberto"]
[Black "Santos Filho, Tadeu Sousa"]
[Result "1-0"]
[WhiteElo "2276"]
[BlackElo "2074"]
[EventDate "2014.10.18"]
[PlyCount "77"]

1.c4 Nf6 2.Nc3 g6 3.g3 c5 4.Bg2 Bg7 5.Nf3 Nc6 6.d4 cxd4 7.Nxd4 Nxd4 8.Qxd4
d6 9.O-O O-O 10.Qd3 a6 11.Bg5 h6 12.Bd2 Bf5 13.e4 Be6 14.b3 Rb8 15.Rac1 
Bd7 16.Rfd1 b5 17.c5 b4 18.Nd5 Nxd5 19.exd5 dxc5 20.Rxc5 Bb5 21.Qe4 a5 22.
Bf4 Re8 23.Bxb8 Qxb8 24.Bf1 Bd7 25.Rxa5 Be5 26.Rc5 Bd6 27.Rc4 Qa7 28.Qc2 
Ra8 29.Rd2 Qb7 30.Qd1 Qb8 31.Be2 Qe8 32.Rdc2 Bf5 33.Bd3 Bd7 34.Qd2 Qf8 35.
Rxb4 Qg7 36.Rbc4 Qa1+ 37.Kg2 Kh7 38.Rh4 Qg7 39.Rcc4 1-0

[Event "24th Panam-ch"]
[Site "Natal BRA"]
[Date "2014.10.26"]
[Round "11"]
[White "Pereira, Silvio Cunha"]
[Black "Daneri, Martin"]
[Result "1/2-1/2"]
[WhiteElo "2335"]
[BlackElo "2099"]
[EventDate "2014.10.18"]
[PlyCount "136"]

1.e4 e6 2.d4 d5 3.Nc3 Bb4 4.Ne2 dxe4 5.a3 Bxc3+ 6.Nxc3 Nc6 7.Bb5 Ne7 8.Bg5
f6 9.Be3 O-O 10.Qh5 f5 11.O-O-O f4 12.d5 exd5 13.Nxd5 fxe3 14.Nf6+ gxf6 
15.Bc4+ Kh8 16.Rxd8 Nxd8 17.Qh6 Ng6 18.Qxe3 Bf5 19.Rd1 Nf7 20.Bxf7 Rxf7 
21.Qb3 Ne5 22.Qxb7 Rg8 23.g3 c6 24.Qb3 Re8 25.Rd6 Kg7 26.Qc3 Be6 27.Rd4 
Bd5 28.h3 Rd7 29.b3 Red8 30.Ra4 Re7 31.Kb1 Rdd7 32.Qe3 Nf3 33.Kb2 f5 34.g4
fxg4 35.hxg4 h6 36.Rb4 Ne5 37.g5 h5 38.Rd4 Rf7 39.f4 Ng4 40.Qh3 Kg6 41.c4 
Be6 42.Rxe4 Bf5 43.Re2 Ne5 44.Qh2 Nd3+ 45.Kc3 Nc5 46.Qg2 Rd6 47.Re8 a5 48.
Re3 Rfd7 49.b4 Rd3+ 50.Rxd3 Rxd3+ 51.Kb2 Na4+ 52.Kc1 Rc3+ 53.Kd1 Rxc4 54.
bxa5 Nc3+ 55.Ke1 Re4+ 56.Kf1 Rxf4+ 57.Ke1 Re4+ 58.Kf1 Nd5 59.Qd2 Ne3+ 60.
Kf2 Nc4 61.Qd8 Rf4+ 62.Ke1 Bg4 63.a6 Re4+ 64.Kf2 Re2+ 65.Kg3 Re3+ 66.Kh2 
Re2+ 67.Kg3 Re3+ 68.Kh2 Re2+ 1/2-1/2

[Event "24th Panam-ch"]
[Site "Natal BRA"]
[Date "2014.10.26"]
[Round "11"]
[White "Bastos, Werton Alvarenga"]
[Black "Fernandez, Maria Florencia"]
[Result "0-1"]
[WhiteElo "2071"]
[BlackElo "2218"]
[EventDate "2014.10.18"]
[PlyCount "60"]

1.c4 Nf6 2.g3 g6 3.Bg2 Bg7 4.Nc3 O-O 5.e4 d6 6.Nge2 e5 7.O-O Nc6 8.d3 Nd7 
9.Be3 Nc5 10.d4 exd4 11.Nxd4 Ne5 12.Qe2 Ng4 13.Rfd1 Nxe3 14.Qxe3 a5 15.Rd2
Re8 16.Rad1 Bg4 17.f3 Bd7 18.a3 a4 19.Nd5 Be6 20.Kh1 Bxd5 21.cxd5 Ra6 22.
Qe2 Rb6 23.Rc2 Qd7 24.Qc4 h5 25.h4 Be5 26.f4 Bxd4 27.Qxd4 Qg4 28.Kh2 Rb3 
29.Rc3 Rxb2 30.Rxc5 Qe2 0-1

[Event "24th Panam-ch"]
[Site "Natal BRA"]
[Date "2014.10.26"]
[Round "11"]
[White "Parente, Renan Braz"]
[Black "Cruz, William Ferreira da"]
[Result "0-1"]
[WhiteElo "2071"]
[BlackElo "2217"]
[EventDate "2014.10.18"]
[PlyCount "84"]

1.e4 e6 2.d3 d5 3.Nd2 Nf6 4.Ngf3 Bc5 5.Be2 dxe4 6.dxe4 Nc6 7.O-O e5 8.c3 
a5 9.Qc2 O-O 10.Nc4 Qe7 11.Bg5 h6 12.Bh4 Bg4 13.Ne3 Bxe3 14.fxe3 Qc5 15.
Bxf6 Qxe3+ 16.Rf2 gxf6 17.Nh4 Bxe2 18.Qxe2 Qxe2 19.Rxe2 Ne7 20.Rf1 Ng6 21.
Nf5 Nf4 22.Rd2 Kh7 23.Rd7 Ne6 24.Ng3 Kg6 25.h4 h5 26.Nf5 Rad8 27.Rfd1 Rxd7
28.Rxd7 Rd8 29.Rxd8 Nxd8 30.Kf2 Ne6 31.Kf3 Nf4 32.b3 Nd3 33.Ke3 Nc5 34.g3 
Ne6 35.b4 a4 36.Kd3 b5 37.c4 c5 38.cxb5 cxb4 39.Kc4 b3 40.axb3 a3 41.Kc3 
Nc5 42.b4 Nxe4+ 0-1

[Event "24th Panam-ch"]
[Site "Natal BRA"]
[Date "2014.10.26"]
[Round "11"]
[White "Tapia Fuentes, Jaime"]
[Black "Manzi, Luiz Antonio Bardaro"]
[Result "1-0"]
[WhiteElo "2208"]
[BlackElo "2092"]
[EventDate "2014.10.18"]
[PlyCount "101"]

1.e4 Nf6 2.e5 Nd5 3.d4 d6 4.Nf3 dxe5 5.Nxe5 e6 6.Bc4 Nd7 7.Qe2 N7b6 8.Bb3 
Be7 9.O-O a5 10.a4 O-O 11.Rd1 Bg5 12.Na3 Bxc1 13.Raxc1 Bd7 14.Nb5 Bxb5 15.
axb5 a4 16.Ba2 a3 17.c4 axb2 18.Qxb2 Na4 19.Qd2 Ndc3 20.Re1 Nxa2 21.Qxa2 
Qxd4 22.Qe2 Nc5 23.Rcd1 Qf4 24.g3 Qf6 25.Nd7 Nxd7 26.Rxd7 Rac8 27.Qe4 Qc3 
28.Red1 h6 29.h4 Qb4 30.Kg2 Qc5 31.R1d3 Qb6 32.Qd4 Qxd4 33.R3xd4 Rfe8 34.
c5 Kf8 35.c6 bxc6 36.bxc6 Re7 37.Rxe7 Kxe7 38.Rd7+ Kf6 39.Kf3 h5 40.Ke4 
Kg6 41.Ke5 Kh6 42.Rxf7 Kg6 43.Re7 Rf8 44.f4 Rf5+ 45.Kxe6 Rc5 46.Kd7 Rc3 
47.Re5 Kf6 48.Kxc7 Rxg3 49.Kd6 Rd3+ 50.Rd5 Rc3 51.c7 1-0

[Event "24th Panam-ch"]
[Site "Natal BRA"]
[Date "2014.10.26"]
[Round "11"]
[White "Fiaes, Mario Henrique Andrade"]
[Black "Silveira Filho, Neri da Silva"]
[Result "1-0"]
[WhiteElo "2070"]
[BlackElo "2200"]
[EventDate "2014.10.18"]
[PlyCount "55"]

1.e4 g6 2.d4 Bg7 3.Nc3 d6 4.f4 Nc6 5.Be3 Nf6 6.Nf3 d5 7.e5 Ng4 8.Bg1 O-O 
9.h3 Nh6 10.Qd2 f6 11.Be2 Nf7 12.O-O-O Na5 13.g4 c6 14.Kb1 b5 15.Qe1 Nc4 
16.Qg3 a5 17.Bd3 a4 18.h4 Qa5 19.Ne2 Qb4 20.Bxc4 bxc4 21.a3 Qa5 22.Be3 Nh6
23.f5 gxf5 24.Qg2 Nxg4 25.Bd2 Qb6 26.exf6 exf6 27.h5 Rb8 28.Bb4 {resto 
ileg vel} 1-0

[Event "24th Panam-ch"]
[Site "Natal BRA"]
[Date "2014.10.26"]
[Round "11"]
[White "Luz, Arthur Nader"]
[Black "Barata, Adriano Albiani"]
[Result "0-1"]
[WhiteElo "1885"]
[BlackElo "2171"]
[EventDate "2014.10.18"]
[PlyCount "80"]

1.d4 Nf6 2.c4 c5 3.d5 b5 4.Nf3 b4 5.a3 bxa3 6.Rxa3 d6 7.Nc3 g6 8.e4 Nbd7 
9.Be2 Bg7 10.O-O O-O 11.Bd2 a6 12.Qc2 Rb8 13.Ne1 e5 14.f4 exf4 15.Bxf4 Qe7
16.Bf3 Ne5 17.Nd1 Nxf3+ 18.gxf3 Nh5 19.Bd2 f5 20.Bc3 Nf4 21.Nf2 Bd4 22.Kh1
Qg5 23.Bxd4 cxd4 24.Rg1 Qh5 25.Qd2 fxe4 26.Qxd4 Ne2 27.Qxe4 Nxg1 28.Kxg1 
Rxb2 29.Qe7 Qh6 30.Qxd6 Qd2 31.Ned3 Rxf3 32.Qd8+ Rf8 33.Qh4 Rb1+ 34.Kg2 
Qe2 35.Qe4 Qf1+ 36.Kg3 Bf5 37.Qg2 Bxd3 38.Nxd3 Qf5 39.Nf2 Qf4+ 40.Kh3 Qxf2
0-1

[Event "24th Panam-ch"]
[Site "Natal BRA"]
[Date "2014.10.26"]
[Round "11"]
[White "Haskin, Zachary"]
[Black "Jodorcovsky Werjivker, Paulo"]
[Result "0-1"]
[WhiteElo "1976"]
[BlackElo "2170"]
[EventDate "2014.10.18"]
[PlyCount "34"]

1.d4 d5 2.Nf3 e6 3.g3 c6 4.Bg2 Nf6 5.O-O Be7 6.b3 a5 7.c4 O-O 8.Bb2 b6 9.
Nbd2 Bb7 10.Qc2 Nbd7 11.Ne5 Rc8 12.Rac1 c5 13.Nxd7 Qxd7 14.dxc5 Bxc5 15.
Rfd1 Qc7 16.Qb1 Bxf2+ 17.Kh1 Ng4 0-1

[Event "24th Panam-ch"]
[Site "Natal BRA"]
[Date "2014.10.26"]
[Round "11"]
[White "Fiora, Emilio"]
[Black "Caceres Leal, Jaime"]
[Result "1/2-1/2"]
[WhiteElo "2058"]
[BlackElo "2157"]
[EventDate "2014.10.18"]
[PlyCount "88"]

1.e4 e6 2.d4 d5 3.Nc3 Bb4 4.a3 Bxc3+ 5.bxc3 Ne7 6.Qg4 O-O 7.e5 f5 8.Qh4 c5
9.Bd3 Nbc6 10.Nf3 Ng6 11.Qxd8 Rxd8 12.h4 c4 13.Be2 Bd7 14.h5 Nge7 15.g4 b5
16.Nh4 Rf8 17.Rg1 a5 18.gxf5 Nxf5 19.Nxf5 exf5 20.Bg5 Be6 21.Bf6 Ra7 22.h6
g6 23.Kd2 Rb8 24.Bh4 Rab7 25.Bh5 Kf7 26.Bxg6+ hxg6 27.Bf6 Kg8 28.Rxg6+ Kh7
29.Rag1 Rg8 30.Bg7 Re7 31.Rf6 Nd8 32.Rb1 Rb7 33.Ke3 Re8 34.Kf4 Bc8 35.Rd6 
Ne6+ 36.Ke3 Nxg7 37.hxg7 Be6 38.Ra6 a4 39.Rxa4 Rxg7 40.Ra6 f4+ 41.Kxf4 
Rg4+ 42.Ke3 Re4+ 43.Kd2 Kg6 44.Rxb5 Rf4 1/2-1/2

[Event "24th Panam-ch"]
[Site "Natal BRA"]
[Date "2014.10.26"]
[Round "11"]
[White "Zallio, Luciano de Souza"]
[Black "Hurtado Bahamonde, Rodrigo"]
[Result "0-1"]
[WhiteElo "2150"]
[BlackElo "2040"]
[EventDate "2014.10.18"]
[PlyCount "44"]

1.d4 d5 2.Nf3 Nf6 3.e3 Bf5 4.Be2 e6 5.O-O Bd6 6.b3 Nbd7 7.Bb2 h6 8.Nbd2 
O-O 9.Ne5 Ne4 10.c4 c6 11.f4 Nxd2 12.Qxd2 Nf6 13.c5 Bxe5 14.fxe5 Ne4 15.
Qe1 Qg5 16.Rf4 f6 17.exf6 Rxf6 18.Qb4 Bh3 19.Bf3 Bxg2 20.Bxg2 Rg6 21.Kf1 
Qxg2+ 22.Ke1 Qxb2 0-1

[Event "24th Panam-ch"]
[Site "Natal BRA"]
[Date "2014.10.26"]
[Round "11"]
[White "Rezende, Guilherme Vilela"]
[Black "Gomes, Carlos Henrique Caldeira"]
[Result "1/2-1/2"]
[WhiteElo "2110"]
[BlackElo "1888"]
[EventDate "2014.10.18"]
[PlyCount "75"]

1.Nf3 Nf6 2.g3 b6 3.Bg2 Bb7 4.O-O g6 5.c4 c5 6.Nc3 Bg7 7.d3 e6 8.Bf4 d6 9.
Qc1 O-O 10.e4 e5 11.Bg5 Qd7 12.Ne1 Nc6 13.Nc2 Nd4 14.Nxd4 exd4 15.Ne2 Ne8 
16.h4 Nc7 17.Bh6 Rae8 18.Bxg7 Kxg7 19.Qd2 Qe7 20.Rad1 Ne6 21.b4 a6 22.bxc5
bxc5 23.Rb1 Qc7 24.f4 f5 25.Rxb7 Qxb7 26.exf5 Qe7 27.fxe6 Qxe6 28.Be4 Rb8 
29.f5 gxf5 30.Qg5+ Qg6 31.Rxf5 Rxf5 32.Qxf5 Qxf5 33.Bxf5 Rb2 34.Nf4 Rxa2 
35.g4 a5 36.g5 a4 37.h5 a3 38.h6+ 1/2-1/2

[Event "24th Panam-ch"]
[Site "Natal BRA"]
[Date "2014.10.26"]
[Round "11"]
[White "Herman, Diego"]
[Black "Cardoso, Almir Correia"]
[Result "1/2-1/2"]
[WhiteElo "2198"]
[BlackElo "2066"]
[EventDate "2014.10.18"]
[PlyCount "27"]

1.e4 e5 2.Nf3 Nc6 3.Bc4 Nf6 4.d4 exd4 5.Ng5 Ne5 6.Bb3 h6 7.f4 hxg5 8.fxe5 
Nxe4 9.Qxd4 Nc5 10.O-O Nxb3 11.cxb3 d6 12.Nc3 Be6 13.Ne4 dxe5 14.Qxe5 
1/2-1/2

[Event "24th Panam-ch"]
[Site "Natal BRA"]
[Date "2014.10.26"]
[Round "11"]
[White "Aliaga Fernandez, Ingrid"]
[Black "Hernandez Amura, Gilberto"]
[Result "1/2-1/2"]
[WhiteElo "2181"]
[BlackElo "2061"]
[EventDate "2014.10.18"]
[PlyCount "45"]

1.e4 c5 2.Nf3 Nc6 3.d4 cxd4 4.Nxd4 e5 5.Nb5 d6 6.c4 Be7 7.Bd3 Nf6 8.N1c3 
a6 9.Na3 O-O 10.O-O Be6 11.Nc2 Rc8 12.b3 Nd7 13.Be3 Bg5 14.Qd2 Bxe3 15.
Nxe3 Qg5 16.Rad1 Nd4 17.f3 Kh8 18.Ne2 Nxe2+ 19.Bxe2 Nf6 20.Nc2 Qxd2 21.
Rxd2 Ne8 22.Ne3 g6 23.g3 1/2-1/2

[Event "24th Panam-ch"]
[Site "Natal BRA"]
[Date "2014.10.26"]
[Round "11"]
[White "Okamura, Milton Kasuo"]
[Black "Januario, Severino Pereira"]
[Result "1/2-1/2"]
[WhiteElo "2085"]
[BlackElo "2171"]
[EventDate "2014.10.18"]
[PlyCount "43"]

1.d4 Nf6 2.c4 e6 3.Nc3 Bb4 4.e3 d5 5.Nf3 O-O 6.Bd3 c5 7.O-O dxc4 8.Bxc4 a6
9.Bb3 Nc6 10.a3 Ba5 11.d5 exd5 12.Nxd5 Be6 13.Nxf6+ Qxf6 14.Qc2 Qe7 15.Bd2
Rac8 16.Rfc1 Bxd2 17.Nxd2 Ne5 18.a4 Rc6 19.a5 Rfc8 20.Ra4 h6 21.Nc4 Nxc4 
22.Rxc4 {resto ileg vel} 1/2-1/2

[Event "24th Panam-ch"]
[Site "Natal BRA"]
[Date "2014.10.26"]
[Round "11"]
[White "Cortes Orihuela, Javier"]
[Black "Pinto, Rafael Henrique"]
[Result "1-0"]
[WhiteElo "2156"]
[BlackElo "2042"]
[EventDate "2014.10.18"]
[PlyCount "87"]

1.d4 Nf6 2.c4 e6 3.Nf3 d5 4.g3 Be7 5.Bg2 O-O 6.O-O dxc4 7.Qc2 a6 8.Qxc4 b5
9.Qc2 Bb7 10.Bd2 Ra7 11.Rc1 Be4 12.Qb3 Nc6 13.e3 Qa8 14.Qd1 b4 15.Qf1 Rc8 
16.Be1 Nb8 17.Nbd2 Bd5 18.Ne5 Nfd7 19.Nd3 a5 20.e4 Bb7 21.f4 Ba6 22.e5 c6 
23.Nc4 Bxc4 24.Rxc4 Nb6 25.Rc2 Rd7 26.Rac1 Nd5 27.Bf2 a4 28.Qe1 Na6 29.h4 
Rdd8 30.f5 exf5 31.Nf4 Nb6 32.Rxc6 Rxc6 33.Rxc6 Qb7 34.d5 Nc8 35.d6 Bf8 
36.Qf1 Nb8 37.Rc7 Qa6 38.Qxa6 Nxa6 39.Rc4 h6 40.Bb7 Nxd6 41.exd6 Rxd6 42.
Bxa6 Rxa6 43.Rc8 Ra5 44.Nd3 1-0

[Event "24th Panam-ch"]
[Site "Natal BRA"]
[Date "2014.10.26"]
[Round "11"]
[White "Pinheiro, Davi Sales"]
[Black "Ibar, Marcelo"]
[Result "0-1"]
[WhiteElo "2022"]
[BlackElo "2155"]
[EventDate "2014.10.18"]
[PlyCount "74"]

1.d4 Nf6 2.c4 g6 3.Nc3 Bg7 4.Nf3 O-O 5.g3 d6 6.Bg2 c5 7.d5 a6 8.O-O b5 9.
cxb5 axb5 10.Nxb5 Ba6 11.Nc3 Nbd7 12.Re1 Qb6 13.Qc2 Rfb8 14.e4 Ng4 15.h3 
Nge5 16.Nd2 Nd3 17.Rd1 Nxc1 18.Raxc1 Qxb2 19.Nb3 Qa3 20.Rd2 Ne5 21.f4 Nd3 
22.Nb1 Qb2 23.Qd1 Bd4+ 24.Kh2 Qxc1 25.Nxc1 Rxb1 26.Rc2 Be3 27.Bf1 Rxc1 28.
Rxc1 Nxc1 29.Qa4 Bb7 30.Qd7 Rxa2+ 31.Kh1 Ba8 32.Qxe7 Nb3 33.Qxd6 Nd4 34.e5
Nf3 35.Bg2 Ra1+ 36.Bf1 Rxf1+ 37.Kg2 Rf2+ 0-1

[Event "24th Panam-ch"]
[Site "Natal BRA"]
[Date "2014.10.26"]
[Round "11"]
[White "Rothebarth, Ana Vitoria de Paula"]
[Black "Palacio, Igor da Paz"]
[Result "1/2-1/2"]
[WhiteElo "2042"]
[BlackElo "2130"]
[EventDate "2014.10.18"]
[PlyCount "124"]

1.e4 d6 2.d4 Nf6 3.Nc3 c6 4.Nf3 Qa5 5.Bd3 e5 6.h3 Be7 7.O-O O-O 8.Bd2 Qc7 
9.a4 a5 10.Re1 Nbd7 11.dxe5 dxe5 12.Bc4 Nc5 13.Qe2 Be6 14.Rad1 Rad8 15.Ng5
Bxc4 16.Qxc4 Rd4 17.Qa2 h6 18.Nf3 Rd7 19.Re2 Rfd8 20.Rde1 Nh7 21.Be3 Ne6 
22.Rd2 Nhg5 23.Bxg5 Bxg5 24.Rxd7 Rxd7 25.Qc4 Be7 26.Rd1 Rxd1+ 27.Nxd1 Bc5 
28.g3 Qd6 29.Qe2 Kf8 30.Qd2 Qc7 31.Ne3 Bxe3 32.Qxe3 Qd8 33.Qc3 f6 34.Qb3 
Qd7 35.Qb6 Qc7 36.Qxc7 Nxc7 37.Nd2 b5 38.Nb3 bxa4 39.Nxa5 c5 40.Nc4 Ne6 
41.Nb6 Nd4 42.Nxa4 Nxc2 43.Nxc5 Ke7 44.Kg2 Kd6 45.Nd3 Kc6 46.f4 exf4 47.
gxf4 Nd4 48.Kg3 f5 49.Ne5+ Kc5 50.exf5 Nxf5+ 51.Kg4 Ne7 52.f5 Kd4 53.Nf7 
Ke4 54.f6 gxf6 55.Nxh6 f5+ 56.Nxf5 Nxf5 57.b4 Ke5 58.Kg5 Ke6 59.b5 Ne7 60.
b6 Kf7 61.b7 Nc6 62.Kf5 Kg7 1/2-1/2

[Event "24th Panam-ch"]
[Site "Natal BRA"]
[Date "2014.10.26"]
[Round "11"]
[White "Lima, Alan Silva de"]
[Black "Santos, Anderson Guerra dos"]
[Result "1-0"]
[WhiteElo "1904"]
[BlackElo "2119"]
[EventDate "2014.10.18"]
[PlyCount "101"]

1.c4 Nf6 2.d4 g6 3.Nc3 Bg7 4.e4 d6 5.f3 O-O 6.Be3 e5 7.d5 c6 8.Qd2 cxd5 9.
cxd5 a6 10.a3 Nbd7 11.Bd3 Nh5 12.Nge2 f5 13.O-O f4 14.Bf2 g5 15.g4 fxg3 
16.Bxg3 Nc5 17.Bc2 Bh3 18.Rf2 Nf4 19.b4 Nd7 20.Kh1 Nf6 21.Ng1 Bd7 22.Nd1 
Rc8 23.Ne3 Qe8 24.Rc1 Qh5 25.Bd1 Rxc1 26.Qxc1 Nd3 27.Qc7 Nxf2+ 28.Bxf2 Qg6
29.Qxd6 Nxe4 30.Qxd7 Nxf2+ 31.Kg2 Nxd1 32.Nxd1 Qc2+ 33.Nf2 h5 34.Nh3 Qf5 
35.Qe6+ Rf7 36.Qxf5 Rxf5 37.Ne4 Rf7 38.Nhxg5 Rd7 39.d6 Kf8 40.Ne6+ Ke8 41.
N6c5 Rf7 42.Ng5 Rd7 43.Nxd7 Kxd7 44.Ne4 b6 45.a4 Ke6 46.Kg3 Bf8 47.Kh4 b5 
48.axb5 axb5 49.Kxh5 Bxd6 50.Nxd6 Kxd6 51.Kg5 1-0

[Event "24th Panam-ch"]
[Site "Natal BRA"]
[Date "2014.10.26"]
[Round "11"]
[White "Pinto, Carlos Henrique Lopes"]
[Black "Pereira Vera, Henry Alberto"]
[Result "1-0"]
[WhiteElo "2116"]
[BlackElo "1995"]
[EventDate "2014.10.18"]
[PlyCount "93"]

1.d4 Nf6 2.c4 g6 3.Nc3 Bg7 4.e4 d6 5.f4 e5 6.fxe5 dxe5 7.d5 c6 8.Bd3 cxd5 
9.cxd5 Qb6 10.Qe2 Nbd7 11.Be3 Nc5 12.Bb5+ Bd7 13.b4 Bxb5 14.Nxb5 a6 15.
Nd6+ Qxd6 16.bxc5 Qc7 17.Qc4 Qa5+ 18.Bd2 Qb5 19.Qc2 Rc8 20.Rc1 Bf8 21.a4 
Qd7 22.c6 bxc6 23.dxc6 Qd4 24.Nf3 Qxe4+ 25.Kd1 Qxc2+ 26.Rxc2 Ne4 27.Re1 f5
28.Nxe5 Bd6 29.Nd7 Kf7 30.Nb6 Rc7 31.Nd5 Rcc8 32.Nb6 Rc7 33.Ba5 Nc5 34.
Rxc5 Bxc5 35.Nd7 Rxd7+ 36.cxd7 Be7 37.Kc2 Rb8 38.Bc7 Rg8 39.Kb3 g5 40.Kc4 
Bd8 41.Bd6 Rg6 42.Kd5 Rg8 43.Kc6 f4 44.Bc7 Rg6+ 45.Kb7 Bf6 46.d8=Q Bxd8 
47.Bxd8 1-0

[Event "24th Panam-ch"]
[Site "Natal BRA"]
[Date "2014.10.26"]
[Round "11"]
[White "Besso, Guadalupe"]
[Black "Arango, Andres Mauricio"]
[Result "1-0"]
[WhiteElo "1947"]
[BlackElo "2111"]
[EventDate "2014.10.18"]
[PlyCount "85"]

1.d4 d5 2.c4 e6 3.Nc3 Be7 4.cxd5 exd5 5.Bf4 Nf6 6.e3 O-O 7.Bd3 b6 8.h3 c5 
9.Nf3 Nc6 10.O-O Bb7 11.Ne5 Nxe5 12.Bxe5 Nd7 13.Bh2 f5 14.Nb5 Rf6 15.dxc5 
bxc5 16.Be2 Nb6 17.Bf3 Qd7 18.a4 a6 19.Nc7 Rd8 20.a5 Nc8 21.Qb3 Bc6 22.
Rfd1 c4 23.Qc2 Bd6 24.Nxd5 Bxh2+ 25.Kxh2 Rd6 26.Nf4 Bxf3 27.Rxd6 Nxd6 28.
gxf3 Qc6 29.Kg2 Re8 30.Rd1 g5 31.Nd5 Re6 32.Rd4 h5 33.Kf1 Qc5 34.Nb6 Qxa5 
35.Nxc4 Qc7 36.Qb3 Nb5 37.Rd1 Kh7 38.Qd3 Kg6 39.Qd5 Re7 40.Ra1 Qc8 41.Nb6 
Qb8 42.Rxa6 Nc7 43.Nd7+ 1-0

[Event "24th Panam-ch"]
[Site "Natal BRA"]
[Date "2014.10.26"]
[Round "11"]
[White "Braga, Jose Pereira"]
[Black "Abdalla, Jose Lucas Aurelli"]
[Result "0-1"]
[WhiteElo "1922"]
[BlackElo "2100"]
[EventDate "2014.10.18"]
[PlyCount "90"]

1.e4 c5 2.Nf3 g6 3.d4 cxd4 4.Nxd4 Bg7 5.Nc3 Nc6 6.Be3 Nf6 7.Be2 O-O 8.Qd2 
Ne5 9.O-O-O Neg4 10.Bxg4 Nxg4 11.Bg5 f6 12.f3 fxg5 13.fxg4 Qa5 14.Kb1 Rf4 
15.h3 d6 16.g3 Rf7 17.Rdf1 Rxf1+ 18.Rxf1 Bd7 19.a3 Qe5 20.Nf3 Qa5 21.Qd5+ 
Qxd5 22.Nxd5 e6 23.Ne3 h6 24.Rd1 Rf8 25.Nd2 b5 26.Rf1 Be5 27.Rxf8+ Kxf8 
28.Nef1 Bc6 29.c3 d5 30.exd5 Bxd5 31.Kc2 Bg2 32.h4 gxh4 33.gxh4 Bf6 34.h5 
Bg5 35.hxg6 Kg7 36.Kd3 Bh3 37.Nh2 Bf4 38.Ndf3 Kxg6 39.b3 Bxh2 40.Nxh2 Kg5 
41.c4 bxc4+ 42.bxc4 Kf4 43.c5 Kg3 44.c6 Kxh2 45.c7 Bf1+ 0-1

[Event "24th Panam-ch"]
[Site "Natal BRA"]
[Date "2014.10.26"]
[Round "11"]
[White "Leao, Flavio Sanchez"]
[Black "De Lima, Carlos Alexandre"]
[Result "0-1"]
[WhiteElo "1847"]
[BlackElo "2094"]
[EventDate "2014.10.18"]
[PlyCount "82"]

1.e4 d6 2.d4 Nf6 3.Bd3 e5 4.dxe5 dxe5 5.Nf3 Bg4 6.Bb5+ c6 7.Qxd8+ Kxd8 8.
Nxe5 cxb5 9.Nxf7+ Ke8 10.Nxh8 Nc6 11.c3 Bc5 12.f3 Be6 13.Bg5 Kd7 14.Nd2 
Rxh8 15.Nb3 Bb6 16.O-O-O+ Ke7 17.Nd4 Nxd4 18.cxd4 Bxa2 19.e5 Rc8+ 20.Kd2 
Bxd4 21.exf6+ gxf6 22.Be3 Bxb2 23.Bxa7 b4 24.Rhe1+ Kf7 25.Ke3 Bc3 26.Re2 
Re8+ 27.Kf2 Rxe2+ 28.Kxe2 Bc4+ 29.Ke3 b3 30.Rd7+ Ke6 31.Rxb7 Kd5 32.g4 Kc6
33.Rxb3 Bxb3 34.Bd4 Bxd4+ 35.Kxd4 Kd6 36.f4 Ke6 37.h4 Bd1 38.f5+ Kf7 39.g5
Bc2 40.Ke3 fxg5 41.hxg5 Bxf5 0-1

[Event "24th Panam-ch"]
[Site "Natal BRA"]
[Date "2014.10.26"]
[Round "11"]
[White "Azevedo Junior, Jose Ferreira"]
[Black "Zimmermann, Kleber Renato Pereira"]
[Result "1/2-1/2"]
[WhiteElo "2088"]
[BlackElo "1938"]
[EventDate "2014.10.18"]
[PlyCount "183"]

1.d4 Nf6 2.Nf3 g6 3.g3 Bg7 4.Bg2 d5 5.O-O O-O 6.c3 c5 7.Re1 Nc6 8.Ne5 cxd4
9.cxd4 Qb6 10.Nxc6 Qxc6 11.Nc3 e6 12.Bg5 Qb6 13.Qd2 Bd7 14.Bxf6 Bxf6 15.e3
Rfc8 16.Rac1 Be7 17.a3 a5 18.h4 Qd8 19.Bf1 Qe8 20.Nb1 Qd8 21.Rxc8 Rxc8 22.
Rc1 Rxc1 23.Qxc1 Qb6 24.Nc3 Qb3 25.Bd3 b5 26.Qc2 Qxc2 27.Bxc2 b4 28.axb4 
Bxb4 29.Kf1 Bxc3 30.bxc3 a4 31.Ke1 a3 32.Bb3 Bb5 33.Kd2 Kf8 34.Kc2 Ke7 35.
Kb1 f6 36.Ka2 Kd6 37.Kxa3 e5 38.Kb4 Bd3 39.Ba4 exd4 40.exd4 g5 41.Bb5 Be4 
42.c4 dxc4 43.Bxc4 h6 44.Kc3 Bb1 45.Kd2 Bf5 46.Ke3 Bd7 47.Kf3 Bc8 48.Ke4 
Bd7 49.Bf7 Ke7 50.Bg6 Kd6 51.Bf5 Bc6+ 52.Ke3 Ba4 53.f4 Bd1 54.Be4 Bg4 55.
Kd3 Be6 56.f5 Bd7 57.Ke3 Ba4 58.Bd3 Bc6 59.hxg5 hxg5 60.Be4 Ba4 61.Kd3 Bd1
62.Bg2 Bg4 63.Be4 Bd1 64.Kc4 Be2+ 65.Kb4 Bf1 66.Ka5 Kc7 67.Bc2 Be2 68.Bb3 
Bd3 69.Be6 Be2 70.Kb4 Kd6 71.Bc4 Bg4 72.Be6 Be2 73.Ka5 Kc7 74.Bb3 Bd3 75.
Be6 Be2 76.Kb4 Kd6 77.Kc3 Bd1 78.Kd3 Bf3 79.Bb3 Bg4 80.Ke4 Be2 81.Bc2 Bh5 
82.Bd3 Bd1 83.Ke3 Bg4 84.Be4 Bd1 85.Bf3 Bc2 86.g4 Ba4 87.Kd3 Bb5+ 88.Kc3 
Bf1 89.Kb4 Bd3 90.Ka5 Kc7 91.Bd1 Bf1 92.Kb4 1/2-1/2

[Event "24th Panam-ch"]
[Site "Natal BRA"]
[Date "2014.10.26"]
[Round "11"]
[White "Vasconcelos, Paulo Cesar da Silva"]
[Black "Macedo, Maximo Valerio"]
[Result "1/2-1/2"]
[WhiteElo "1844"]
[BlackElo "2085"]
[EventDate "2014.10.18"]
[PlyCount "24"]

1.d4 Nf6 2.g3 g6 3.Bg2 Bg7 4.c4 d6 5.Bd2 O-O 6.Bc3 Nbd7 7.Nf3 Ne4 8.O-O 
Nxc3 9.Nxc3 c6 10.b4 c5 11.bxc5 dxc5 12.e3 cxd4 1/2-1/2

[Event "24th Panam-ch"]
[Site "Natal BRA"]
[Date "2014.10.26"]
[Round "11"]
[White "Jorquera Cabello, Valentina"]
[Black "Pinero, Ismael"]
[Result "1-0"]
[WhiteElo "2000"]
[BlackElo "1925"]
[EventDate "2014.10.18"]
[PlyCount "67"]

1.e4 c5 2.Nf3 Nc6 3.d4 cxd4 4.Nxd4 Nf6 5.Nc3 e5 6.Ndb5 d6 7.Bg5 a6 8.Na3 
b5 9.Bxf6 gxf6 10.Nd5 f5 11.Bd3 Bg7 12.O-O Be6 13.c4 b4 14.Nc2 a5 15.exf5 
Bxd5 16.cxd5 Ne7 17.Ne3 h5 18.Qf3 Ng8 19.Rac1 Nf6 20.Bb5+ Kf8 21.Rc6 Rc8 
22.Rfc1 Rxc6 23.dxc6 Qc7 24.Nd5 Nxd5 25.Qxd5 Bf6 26.Rd1 Ke7 27.Bc4 Rh7 28.
a3 h4 29.axb4 axb4 30.Ra1 Qb6 31.Qb5 Qxb5 32.Bxb5 Kd8 33.Ra7 Rh8 34.c7+ 
1-0

[Event "24th Panam-ch"]
[Site "Natal BRA"]
[Date "2014.10.26"]
[Round "11"]
[White "Fragoso, Evander Correa"]
[Black "Martins, George Evandro Barreto"]
[Result "0-1"]
[WhiteElo "1913"]
[BlackElo "2276"]
[EventDate "2014.10.18"]
[PlyCount "60"]

1.f4 d5 2.d3 Nf6 3.Nf3 g6 4.g3 Bg7 5.Bg2 O-O 6.c3 c5 7.O-O Nc6 8.h3 Qc7 9.
Na3 a6 10.Nc2 Nh5 11.Qe1 d4 12.Nh4 e5 13.f5 e4 14.g4 Be5 15.gxh5 Bg3 16.
Qd2 e3 17.Nxe3 dxe3 18.Qxe3 Bxh4 19.f6 Qd6 20.Qh6 Bxf6 21.hxg6 hxg6 22.
Rxf6 Qxf6 23.Bg5 Qh8 24.Rf1 Qxh6 25.Bxh6 Be6 26.Bxf8 Kxf8 27.c4 Kg7 28.e3 
Rh8 29.Rf4 Bxh3 30.Bd5 Be6 0-1

[Event "24th Panam-ch"]
[Site "Natal BRA"]
[Date "2014.10.26"]
[Round "11"]
[White "Carneiro, Francisco Caninde Sa"]
[Black "Bortoloso, Moacir Canella"]
[Result "1/2-1/2"]
[WhiteElo "1887"]
[BlackElo "2190"]
[EventDate "2014.10.18"]
[PlyCount "48"]

1.e4 c5 2.Nf3 e6 3.d4 cxd4 4.Nxd4 Nf6 5.Nc3 Qb6 6.Be2 Bc5 7.Be3 Nc6 8.Nxc6
Bxe3 9.fxe3 bxc6 10.Qd4 Rb8 11.b3 O-O 12.O-O e5 13.Qxe5 Qxe3+ 14.Kh1 d6 
15.Qa5 Be6 16.Rf3 Qh6 17.Rg3 Rb7 18.Rf1 c5 19.e5 dxe5 20.Qxc5 Nd7 21.Qf2 
Rc7 22.Qe1 Nc5 23.Nb5 f6 24.c4 Rb7 1/2-1/2

[Event "24th Panam-ch"]
[Site "Natal BRA"]
[Date "2014.10.26"]
[Round "11"]
[White "Leitao, Nicolau"]
[Black "Quaranta Neto, Francisco"]
[Result "1-0"]
[WhiteElo "2138"]
[BlackElo "1933"]
[EventDate "2014.10.18"]
[PlyCount "95"]

1.d4 d5 2.c4 c6 3.Nf3 Nf6 4.Nc3 e6 5.e3 Nbd7 6.Qc2 Bd6 7.Bd3 O-O 8.O-O 
dxc4 9.Bxc4 e5 10.dxe5 Nxe5 11.Nxe5 Bxe5 12.e4 Bxc3 13.bxc3 Qa5 14.Bf4 Qc5
15.Bd3 h6 16.Rab1 Ng4 17.h3 Ne5 18.Be3 Qe7 19.Be2 c5 20.f4 Nc6 21.Rbe1 b6 
22.e5 Kh8 23.Bf3 Bb7 24.Qf5 Na5 25.Bd1 Qe6 26.Qh5 Qg6 27.Qxg6 fxg6 28.Bc2 
Kh7 29.f5 gxf5 30.Rxf5 Rxf5 31.Bxf5+ g6 32.Bd7 Bc6 33.e6 Bxd7 34.exd7 Rd8 
35.Rd1 g5 36.Bf2 Kg7 37.Bg3 Kf7 38.Bc7 Ke7 39.Bxd8+ Kxd8 40.Kf2 Nc4 41.Rd5
Nb2 42.Ke3 Na4 43.Kd3 b5 44.Rd6 b4 45.cxb4 cxb4 46.Kc4 a5 47.Kb5 Nc3+ 48.
Kc6 1-0

[Event "24th Panam-ch"]
[Site "Natal BRA"]
[Date "2014.10.26"]
[Round "11"]
[White "Rocha, Vitor Firmo de Souza"]
[Black "Araujo, Vitor Angelo Lima"]
[Result "1/2-1/2"]
[WhiteElo "2041"]
[BlackElo "1840"]
[EventDate "2014.10.18"]
[PlyCount "81"]

1.e4 c5 2.Nf3 d6 3.Bb5+ Bd7 4.Bxd7+ Nxd7 5.O-O Ngf6 6.Qe2 e6 7.c3 Be7 8.d4
cxd4 9.cxd4 d5 10.e5 Ne4 11.Nfd2 Nxd2 12.Bxd2 O-O 13.f4 Qb6 14.Be3 Rac8 
15.Rf3 f5 16.a3 Rc6 17.Nc3 Qb3 18.Bf2 Rfc8 19.Be1 Rb6 20.Rc1 Qxb2 21.Rc2 
Qb3 22.Ra2 Qc4 23.Qd2 Qc7 24.Qe2 Rc6 25.h3 Qd8 26.Nb5 Ra8 27.Rb3 Nb6 28.
Ba5 Qf8 29.Nxa7 Rxa7 30.Bxb6 Rxa3 31.Raxa3 Bxa3 32.Qd2 Be7 33.Qa2 Qc8 34.
Kh2 Rc3 35.Rxc3 Qxc3 36.Qa8+ Kf7 37.Qxb7 Qe3 38.g3 Qf2+ 39.Kh1 Qxg3 40.Bc5
Qxh3+ 41.Kg1 1/2-1/2